书目信息 |
| 题名: |
自动控制原理
|
|
| 作者: | 巨林仓 主编 ;杨清宇 , 张钊 , 刘齐寿 编写 | |
| 分册: | ||
| 出版信息: | 北京 中国电力出版社 2007.08 |
|
| 页数: | 306页 | |
| 开本: | 26cm | |
| 丛书名: | ||
| 单 册: | ||
| 中图分类: | TP13 | |
| 科图分类: | ||
| 主题词: | 自动控制理论--zi dong kong zhi li lun--高等教育--教材 | |
| 电子资源: | ||
| ISBN: | 978-7-5083-5416-3 | |
| 000 | 01059nam0 2200289 450 | |
| 001 | 012008414155 | |
| 005 | 20080105111449.06 | |
| 010 | @a978-7-5083-5416-3@dCNY29.80 | |
| 100 | @a20080105d2007 em y0chiy0120 ea | |
| 101 | 0 | @achi |
| 102 | @aCN@b110000 | |
| 105 | @aa a 000yy | |
| 106 | @ar | |
| 200 | 1 | @a自动控制原理@Azi dong kong zhi yuan li@f巨林仓主编@Fju lin cang zhu bian@g杨清宇, 张钊, 刘齐寿编写@Gyang qing yu,zhang zhao,liu qi shou bian xie |
| 210 | @a北京@c中国电力出版社@d2007.08 | |
| 215 | @a306页@c图@d26cm | |
| 300 | @a普通高等教育“十一五”规划教材 | |
| 320 | @a有书目 (第306页) | |
| 330 | @a本书介绍了自动控制理论的基本概念,阐述了控制系统数学模型的建立方法、时域分析法、频域分析法,简要介绍了控制系统等。 | |
| 606 | 0 | @a自动控制理论@Azi dong kong zhi li lun@x高等教育@j教材 |
| 690 | @aTP13@v4 | |
| 701 | 0 | @a巨林仓@Aju lin cang@4主编 |
| 702 | 0 | @a杨清宇@Ayang qing yu@4编写 |
| 702 | 0 | @a张钊@Azhang zhao@4编写 |
| 702 | 0 | @a刘齐寿@Aliu qi shou@4编写 |
| 801 | 0 | @aCN@bQSSK@c20080105 |
| 905 | @b275495-97@dTP13@eJ952@f3 | |
| 自动控制原理/巨林仓主编/杨清宇, 张钊, 刘齐寿编写.-北京:中国电力出版社,2007.08 |
| 306页:图;26cm |
| 普通高等教育“十一五”规划教材 |
| ISBN 978-7-5083-5416-3:CNY29.80 |
| 本书介绍了自动控制理论的基本概念,阐述了控制系统数学模型的建立方法、时域分析法、频域分析法,简要介绍了控制系统等。 |
| ● |
| 相关链接 |
|
|
|
正题名:自动控制原理
索取号:TP13/J952
 
预约/预借
| 序号 | 登录号 | 条形码 | 馆藏地/架位号 | 状态 | 备注 |
| 1 | 275495 | 202754956 | 自科库301/301自科库 33排4列2层/ [索取号:TP13/J952] | 在馆 | |
| 2 | 275496 | 202754965 | 自科库301/301自科库 101排3列6层/ [索取号:TP13/J952] | 在馆 | |
| 3 | 275497 | 202754974 | 自科库301/301自科库 101排3列6层/ [索取号:TP13/J952] | 在馆 |